000
00189nam a22000977a 4500
082
_a
823
100
_a
ARTHY MUTHANNA S
245
_a
VINNY'S ADVENTURE
650
_a
ENGLISH STORY
942
_c
BK
999
_c
8489
_d
8489